1272 1872 1570 1105 1923 1620 1826 1696 1161 1654 1765 1743 1116 1856 1968 1450 1068 1082 1112 1694 1244 1350 1189 1282 1062 1651 1364 1818 1189 1327 1356 1396 1099 1063 1667 1246 1070 1981 1643 1611 1198 1532 1656 1044 1023 1001 1148 1805 1877 1459 1626 1453 1301 1957 1696 1648 1829 1457 1529 1330 1873 1933 1730 1269 1605 1148 1432 1928 1035 1676 1450 1626 1503 1764 1584 1585 1425 1478 1254 1760 1475 1090 1510 1639 1901 1276 1638 1630 1985 1174 1487 1025 1276 1067 1251 1389 1736 1633 1497 BCNSPRNW ULIB Ver.6.0+V

เปลี่ยนเป็นภาษาไทย

Change to English
 แสดงรายละเอียดบรรณานุกรม
  กลับหน้าหลัก

Brief Record : Get Marc (ISO 2709) : E-mail record : QR code < ปิดหน้าต่าง
LEADER : 00000nam 2200000uu 4500
001    13399113421
003     ULIB
008    111115s2546||||th 000 0 tha d
020    ^a9742295395(ล.1)
060 04 ^aW26^bว583 ล.1 2546
245 00 ^aวิทยาการวัสดุการแพทย์.^nเล่ม 1 /^cโดย มาลินี ประสิทธ์ศิลป์
250    ^aพิมพ์ครั้งที่ 1
260    ^aปทุมธานี :^bโปรแกรมวิจัยวัสดุและอุปกรณ์การแพทย์ศูนย์เทคโนโลยีโลหะและวัสดุแห่งชาติ,^c2546
300    ^a96 หน้า :^bภาพประกอบ ;^c21 ซม
650  7 ^aเครื่องมือแพทย์^vรวมเรื่อง
650  7 ^aเทคโนโลยีทางแพทย์^vรวมเรื่อง
650  7 ^aทันตวัสดุ^vรวมเรื่อง
650  7 ^aนาโนเทคโนโลยี
650  7 ^aเงิน (แร่)
653    ^aกระดูกเทียม
700 0  ^aมาลินี ประสิทธ์ศิลป์
700 0  ^aจินตมัย สุวรรณประทีป
700 0  ^aสิริพร โตนดแก้ว
710 2  ^aศูนย์เทคโนโลยีและวัสดุแห่งชาติ.^bโปรแกรมวิจัยและอุปกรณ์การแพทย์
945    ^p50^l0^i14203
945    ^p50^l0^i14204
995    ^aกัณชพร
999    ^aใช้งานได้ทุกระบบ
รายการนี้ยังไม่มีแท็ก
คุณยังไม่ได้ล็อกอิน คุณสามารถมีกิจกรรมร่วมกับเว็บไซต์ได้ แต่ต้องล็อกอินก่อน ::
  ล็อกอิน

รายการสื่อสารสนเทศ

ลำดับที่ ประเภท เลขเรียก/บาร์โค้ด สถานที่ สถานะ
- ไม่พบข้อมูล -

รายการใกล้เคียง
    หัวเรื่อง [นาโนเทคโนโลยี]
    หัวเรื่อง [เงิน (แร่)]

BibComment


ยังไม่เคยถูกคอมเมนท์

คอมเมนท์ทรัพยากรรายการนี้
  คอมเมนท์: วิทยาการวัสดุการ..


 Copyright 2026. Bcnsprnw @Library